Puss in boots /. (Record no. 115017)
[ view plain ]
| 000 -LEADER | |
|---|---|
| fixed length control field | 00414nam a2200169 a 4500 |
| 001 - CONTROL NUMBER | |
| control field | 3206 |
| 005 - DATE AND TIME OF LATEST TRANSACTION | |
| control field | 20140414132119.0 |
| 008 - FIXED-LENGTH DATA ELEMENTS--GENERAL INFORMATION | |
| fixed length control field | 040227s19uu xx 00 eng d |
| 020 ## - INTERNATIONAL STANDARD BOOK NUMBER | |
| International Standard Book Number | |
| 050 ## - LIBRARY OF CONGRESS CALL NUMBER | |
| Classification number | ER |
| Item number | P96 1990 |
| 100 ## - MAIN ENTRY--PERSONAL NAME | |
| Personal name | Goodall, John |
| 245 ## - TITLE STATEMENT | |
| Title | Puss in boots /. |
| 260 ## - PUBLICATION, DISTRIBUTION, ETC. (IMPRINT) | |
| Place of publication, distribution, etc | New York : |
| Name of publisher, distributor, etc | Margaret K. McElderly Books, |
| Date of publication, distribution, etc | 1990. |
| 650 ## - SUBJECT ADDED ENTRY--TOPICAL TERM | |
| Topical term or geographic name as entry element | Folk tales. |
| 650 ## - SUBJECT ADDED ENTRY--TOPICAL TERM | |
| Topical term or geographic name as entry element | Children stories. |
| Withdrawn status | Lost status | Damaged status | Home library | Current library | Shelving location | Date acquired | Source of acquisition | Total Checkouts | Full call number | Barcode | Date last seen | Price effective from | Koha item type |
|---|---|---|---|---|---|---|---|---|---|---|---|---|---|
| Munich Library | Munich Library | Easy Reading Section | 11/23/2011 | ER P96 1990 | M6972 | 04/14/2014 | 04/14/2014 | Books |